| 000 | 00544nam a22001697a 4500 | ||
|---|---|---|---|
| 082 |
_a604.2 _bPAR |
||
| 100 |
_aParkinson, A.C _940152 |
||
| 245 |
_aIntermediate Engineering Drawing _bNational certificate series _cParkinson, A.C |
||
| 250 | _a5th ed. | ||
| 260 |
_aLondon _bSir isaac Pitman & sons _cc1943. |
||
| 300 |
_aviii, 247 p. _bill. _c29 cm. |
||
| 526 |
_a0 _b0 _c0 _d604_200000000000000_PAR |
||
| 526 |
_a0 _b0 _c0 _d604_200000000000000_PAR |
||
| 650 |
_aIntermediate Engineering Drawing _940153 |
||
| 650 |
_aNUST _96342 |
||
| 942 |
_2ddc _cBK |
||
| 999 |
_c544511 _d544511 |
||